<?xml version="1.0" encoding="UTF-8"?>
<record
    xmlns:xsi="http://www.w3.org/2001/XMLSchema-instance"
    xsi:schemaLocation="http://www.loc.gov/MARC21/slim http://www.loc.gov/standards/marcxml/schema/MARC21slim.xsd"
    xmlns="http://www.loc.gov/MARC21/slim">

  <leader>01250nam0a2200325   4500</leader>
  <controlfield tag="001">RU\NLR\b_ik\94675</controlfield>
  <controlfield tag="005">20250616224838.0</controlfield>
  <datafield tag="010" ind1=" " ind2=" ">
    <subfield code="a">5-8112-0089-7</subfield>
    <subfield code="9">7000</subfield>
  </datafield>
  <datafield tag="035" ind1=" " ind2=" ">
    <subfield code="a">(NLR Aleph) 002168669</subfield>
  </datafield>
  <datafield tag="090" ind1=" " ind2=" ">
    <subfield code="a">2624249</subfield>
    <subfield code="c">2624249</subfield>
  </datafield>
  <datafield tag="100" ind1=" " ind2=" ">
    <subfield code="a">20030213d2002    |||y0rusy50      ca</subfield>
  </datafield>
  <datafield tag="101" ind1="0" ind2=" ">
    <subfield code="a">eng</subfield>
  </datafield>
  <datafield tag="102" ind1=" " ind2=" ">
    <subfield code="a">RU</subfield>
  </datafield>
  <datafield tag="105" ind1=" " ind2=" ">
    <subfield code="a">a   |||||||||</subfield>
  </datafield>
  <datafield tag="200" ind1="1" ind2=" ">
    <subfield code="a">The chronicles of Narnia</subfield>
    <subfield code="i">The magician's nephew</subfield>
    <subfield code="f">C.S. Lewis</subfield>
    <subfield code="g">[&#x41A;&#x43E;&#x43C;&#x43C;&#x435;&#x43D;&#x442; &#x41E;.&#x412;. &#x41D;&#x438;&#x43A;&#x438;&#x442;&#x438;&#x43D;&#x43E;&#x439;</subfield>
    <subfield code="g">&#x418;&#x43B;.: &#x410;.&#x41D;. &#x411;&#x435;&#x43B;&#x43E;&#x432;]</subfield>
  </datafield>
  <datafield tag="210" ind1=" " ind2=" ">
    <subfield code="a">&#x41C;.</subfield>
    <subfield code="c">&#x410;&#x439;&#x440;&#x438;&#x441;-&#x43F;&#x440;&#x435;&#x441;&#x441;</subfield>
    <subfield code="d">2002</subfield>
  </datafield>
  <datafield tag="215" ind1=" " ind2=" ">
    <subfield code="a">251, [2] &#x441;.</subfield>
    <subfield code="c">&#x438;&#x43B;.</subfield>
    <subfield code="d">16</subfield>
  </datafield>
  <datafield tag="225" ind1="1" ind2=" ">
    <subfield code="a">&#x427;&#x438;&#x442;&#x430;&#x435;&#x43C; &#x432; &#x43E;&#x440;&#x438;&#x433;&#x438;&#x43D;&#x430;&#x43B;&#x435;</subfield>
    <subfield code="i">English</subfield>
  </datafield>
  <datafield tag="300" ind1=" " ind2=" ">
    <subfield code="a">&#x412; &#x432;&#x44B;&#x43F;. &#x434;&#x430;&#x43D;.: &#x425;&#x440;&#x43E;&#x43D;&#x438;&#x43A;&#x438; &#x41D;&#x430;&#x440;&#x43D;&#x438;&#x438;. &#x41F;&#x43B;&#x435;&#x43C;&#x44F;&#x43D;&#x43D;&#x438;&#x43A; &#x447;&#x430;&#x440;&#x43E;&#x434;&#x435;&#x44F; / &#x41B;&#x44C;&#x44E;&#x438;&#x441; &#x41A;&#x43B;&#x430;&#x439;&#x432; &#x421;&#x442;&#x435;&#x439;&#x43F;&#x43B;&#x437;</subfield>
  </datafield>
  <datafield tag="517" ind1="0" ind2=" ">
    <subfield code="a">&#x425;&#x440;&#x43E;&#x43D;&#x438;&#x43A;&#x438; &#x41D;&#x430;&#x440;&#x43D;&#x438;&#x438;. &#x41F;&#x43B;&#x435;&#x43C;&#x44F;&#x43D;&#x43D;&#x438;&#x43A; &#x447;&#x430;&#x440;&#x43E;&#x434;&#x435;&#x44F;</subfield>
  </datafield>
  <datafield tag="541" ind1="0" ind2=" ">
    <subfield code="a">&#x425;&#x440;&#x43E;&#x43D;&#x438;&#x43A;&#x438; &#x41D;&#x430;&#x440;&#x43D;&#x438;&#x438;</subfield>
    <subfield code="z">rus</subfield>
  </datafield>
  <datafield tag="606" ind1="0" ind2=" ">
    <subfield code="a">&#x410;&#x43D;&#x433;&#x43B;&#x438;&#x439;&#x441;&#x43A;&#x438;&#x439; &#x44F;&#x437;&#x44B;&#x43A;</subfield>
    <subfield code="j">&#x425;&#x440;&#x435;&#x441;&#x442;&#x43E;&#x43C;&#x430;&#x442;&#x438;&#x438;</subfield>
    <subfield code="9">972309</subfield>
    <subfield code="3">RU\NLR\AUTH\6646032</subfield>
  </datafield>
  <datafield tag="686" ind1="4" ind2=" ">
    <subfield code="a">&#x428;143.21-93&#x440;&#x443;&#x441;91</subfield>
  </datafield>
  <datafield tag="686" ind1="4" ind2=" ">
    <subfield code="a">&#x428;6(4&#x412;&#x43B;)62-445{&#x41B;&#x445;1299-62}</subfield>
  </datafield>
  <datafield tag="700" ind1=" " ind2="1">
    <subfield code="a">Lewis</subfield>
    <subfield code="b">C. S.</subfield>
    <subfield code="f">1898-1963</subfield>
    <subfield code="g">Clive Staples</subfield>
    <subfield code="4">070</subfield>
  </datafield>
  <datafield tag="801" ind1=" " ind2="0">
    <subfield code="a">RU</subfield>
    <subfield code="b">NLR</subfield>
    <subfield code="c">20030213</subfield>
    <subfield code="g">PSBO</subfield>
  </datafield>
  <datafield tag="942" ind1=" " ind2=" ">
    <subfield code="c">BOOK</subfield>
  </datafield>
  <datafield tag="980" ind1=" " ind2=" ">
    <subfield code="a">NB</subfield>
  </datafield>
  <datafield tag="995" ind1=" " ind2=" ">
    <subfield code="5">2003-02-13</subfield>
    <subfield code="a">ad</subfield>
    <subfield code="b">NLR01</subfield>
    <subfield code="c">NLR01</subfield>
    <subfield code="e">IF</subfield>
    <subfield code="f">1007739</subfield>
    <subfield code="k">&#x418;&#x43A; 2003-2/14</subfield>
    <subfield code="o">0</subfield>
    <subfield code="r">BOOK</subfield>
    <subfield code="s">_2003214</subfield>
    <subfield code="u"> ;  </subfield>
  </datafield>
</record>
